000 00459 a2200157 4500
999 _c8921
_d8921
020 _a9781408218938
050 0 0 _aKF1099.52 WIL 2010
100 _aWilson, John F.
_eauthor
245 0 4 _aCarriage of goods by sea :
_cJohn F. Wilson
250 _a7th ed.
264 _aU.K. :
_bPearson Education,
_c2010
300 _a559p.:
500 _aIncludes bibliographical references and index
650 0 _aMarine insurance
942 _2lcc
_cBK
_e7th ed.
_h1099.52
_iWIL
_kKF